000
00306nam a2200133Ia 4500
100
_a
Bishop/Christopher M
942
_c
BK
654
_a
neural
245
_a
Neural Network for Pattern recognition
260
_b
Oxford university press
_c
1995
082
_a
6.4
_b
BIS
300
_a
482
546
_a
ENGLISH
999
_c
30956
_d
30956